जुस्तजू-ए-निहां उर्फ रूणियाबास की अंतर्कथा / (Record no. 36733)

MARC details
000 -LEADER
fixed length control field 01257nam a22002537a 4500
005 - DATE AND TIME OF LATEST TRANSACTION
control field 20100618122738.0
008 - FIXED-LENGTH DATA ELEMENTS--GENERAL INFORMATION
fixed length control field 100618t xxu||||| |||| 00| 0 hin d
010 ## - LCCN (DPL NO)
LC control number HIN-89551
020 ## - INTERNATIONAL STANDARD BOOK NUMBER
International Standard Book Number 8126706244
Terms of availability 150.00
035 ## - SYSTEM CONTROL NUMBER
System control number HN-61897
037 ## - SOURCE OF ACQUISITION
Source of stock number/acquisition DBAD / PUB
040 ## - CATALOGING SOURCE
Original cataloging agency DPL
Language of cataloging HN
082 ## - DEWEY DECIMAL CLASSIFICATION NUMBER
Classification number
100 ## - MAIN ENTRY--PERSONAL NAME
Personal name भाटिया, जितेन्द्र
9 (RLIN) 22650
245 ## - TITLE STATEMENT
Title जुस्तजू-ए-निहां उर्फ रूणियाबास की अंतर्कथा /
Statement of responsibility, etc जितेन्द्र भाटिया
246 ## - VARYING FORM OF TITLE
Title proper/short title Justu E Nihan urf Runiyabas ki antarkatha
Remainder of title by Jitendra Bhatia
260 ## - PUBLICATION, DISTRIBUTION, ETC. (IMPRINT)
Place of publication, distribution, etc नई दिल्ली
Name of publisher, distributor, etc राजकमल प्रकाशन
Date of publication, distribution, etc 2002
270 ## - ADDRESS
Address 1-बी, नेताजी सुभाष मार्ग
City नई दिल्ली
Postal code 110002
300 ## - PHYSICAL DESCRIPTION
Extent 151पृ
Dimensions 22सेमी (सजिल्द)
650 ## - SUBJECT ADDED ENTRY--TOPICAL TERM
Topical term or geographic name as entry element हिन्दी कथा साहित्य
9 (RLIN) 657
650 ## - SUBJECT ADDED ENTRY--TOPICAL TERM
Topical term or geographic name as entry element Hindi Fiction
9 (RLIN) 22651
942 ## - ADDED ENTRY ELEMENTS (KOHA)
Source of classification or shelving scheme Dewey Decimal Classification
Item type Hindi Books
Call number suffix भाटिया
Classification part
Holdings
Withdrawn status Lost status Source of classification or shelving scheme Damaged status Not for loan Collection code Home library Current library Date acquired Source of acquisition Cost, normal purchase price Total Checkouts Full call number Barcode Date last seen Copy number Cost, replacement price Koha item type
    Dewey Decimal Classification   Not For Loan Fiction D.B.Act.Division D.B.Act.Division 21/06/2010 DBAD / PUB 150.00   उ भाटिया HN-61897 21/06/2010 1 150.00 Hindi Books

© Delhi Public Library
Hit Counter
free hit counter